000 01385nam a22003257a 4500
999 _c1201
_d1201
003 AR-CdUCM
008 190226b ||||| |||| 00| 0 spa d
020 _a8483870118
040 _aMUNICIPALIDAD PROVINCIAL DEL CUSCO
_cBIBLIOTECA MUNICIPAL DEL CUSCO
082 _a340.5 /
_bSA18
100 _aSalinas, Fausto (compilador)
_94685
245 _aPolíticas de respuesta al impacto del ajuste /
260 _aCusco :
_bCBC,
_c1994.
300 _a115 páginas ;
_c21 cm.
440 _aDebates jurídicos
_n2
_94686
505 _aEl papel de la concertación -- La negociación colectiva y la solución de los conflictos en la crisis y en el proceso de ajuste estructural: el caso peruano -- Condiciones de trabajo y formación de recursos humanos en la pequeña y mediana industria -- Los salarios y la productividad en el escenario de la reconversión productiva ...
650 _aPolítica laboral
_94687
650 _aAjuste estructural
_94688
650 _aAmérica Latina
_91130
700 _aRaso Delgue, Juan
_94689
700 _aGonzalez Hunt, César
_94690
700 _aCortés Carcelén, Juan Carlos
_94691
700 _aPasco Cosmópolis, Mario
_94692
700 _aChacón, Tomiris
_94693
700 _aRodriguez, Enrique O.
_94694
700 _aFeres, Maria Ester
_94695
700 _aRomagnoli, Umberto
_94696
942 _2ddc
_cLIBROS
945 _aafb
_d2019-02-26